000 00332nam a2200121Ia 4500
008 170224s9999 xx 000 0 und d
245 _aEarly Ingestion of Peanuts May Be Effective in Reducing Peanut Allergies
260 _bAmerican Journal of Nursing
260 _c2016
300 _a116:6
500 _aJune
650 _xNursing.
999 _c316953
_d316953